| 000 | 08168nas1a22005771i 4500 | ||
|---|---|---|---|
| 001 | RU\NLR\INFOCOMM31\1000042865 | ||
| 005 | 20240726050546.0 | ||
| 035 | _a(NLR Aleph) 002515745 | ||
| 090 |
_a2719401 _c2719401 |
||
| 100 | _a20040412c1957 |||y0rusy50 ca | ||
| 101 | 0 | _arus | |
| 102 | _aRU | ||
| 110 | _azyu||||0|y0 | ||
| 200 | 1 |
_aМетодическое письмо _fМ-во соц. обесп. РСФСР. Упр. врач.-труд. экспертизы. Ленингр. науч.-исслед. ин-т экспертизы трудоспособности и трудоустройства инвалидов |
|
| 207 | 1 | _a№1- | |
| 210 |
_aЛ. _d1957- |
||
| 710 | 0 | 2 |
_aЛенинградский научно-исследовательский институт экспертизы трудоспособности и трудоустройства инвалидов _4070 |
| 801 | 1 |
_aRU _bInfoComm _c20040412 |
|
| 801 | 0 |
_aRU _bNLR _gPSBO |
|
| 852 |
_aNLR _jП49/137 |
||
| 942 | _cSE | ||
| 980 | _aRUSPER | ||